|
|
|
|
| LEADER |
01090nab a2200241 i 4500 |
| 001 |
acta62868 |
| 005 |
20250625155254.0 |
| 008 |
191025s2019 hu o 000 hun d |
| 022 |
|
|
|a 2064-5929
|
| 024 |
7 |
|
|a 10.14232/belv.2019.2.13
|2 doi
|
| 040 |
|
|
|a SZTE Egyetemi Kiadványok Repozitórium
|b hun
|
| 041 |
|
|
|a hun
|
| 041 |
|
|
|a eng
|
| 100 |
1 |
|
|a Kiss Gábor Ferenc
|
| 245 |
1 |
0 |
|a Sajtó, politika és nemzeti felemelkedés = Press, politics and national uprise
|h [elektronikus dokumentum] /
|c Kiss Gábor Ferenc
|
| 260 |
|
|
|a Belvedere Meridionale
|b Szeged
|c 2019
|
| 300 |
|
|
|a 197-202
|
| 490 |
0 |
|
|a Belvedere Meridionale
|v 31 No. 2
|
| 650 |
|
4 |
|a Bölcsészettudományok
|
| 650 |
|
4 |
|a Történettudomány és régészet
|
| 695 |
|
|
|a Cenzúra - Magyarország - könyvismertetés, Belpolitika - Magyarország - 18-19. sz. - könyvismertetés, Sajtópolitika - Magyarország - 1780-1840 - könyvismertetés, Sajtótörténet - Magyarország - 1780-1840 - könyvismertetés
|
| 700 |
0 |
1 |
|a Döbör András
|
| 856 |
4 |
0 |
|u http://acta.bibl.u-szeged.hu/62868/1/belvedere_2019_002_197-202.pdf
|z Dokumentum-elérés
|